| 000 | 00579nam a2200193Ia 4500 | ||
|---|---|---|---|
| 008 | 151119s9999||||xx |||||||||||||| ||und|| | ||
| 082 | _a891.463 | ||
| 082 | _bGKKV30961 | ||
| 100 | _a"बेडेकर, विश्राम" | ||
| 245 | _aरणांगण | ||
| 260 | _aपुणे | ||
| 260 | _bदेशमुख आणि कंपनी | ||
| 260 | _c2009 | ||
| 600 | _a"बेडेकर, विश्राम" | ||
| 630 | _aरणांगण | ||
| 700 | _a"बेडेकर, विश्राम" | ||
| 730 | _aरणांगण | ||
| 942 | _cBOOK | ||
| 999 |
_c1083287 _d1083284 |
||